[Event "GER-chT Lands U20"]
[Site "Hannover"]
[Date "2023.10.01"]
[Round "2"]
[White "Hoffmann, Kay"]
[Black "Aniol, Nico"]
[Result "1-0"]
[WhiteElo "2036"]
[BlackElo "1693"]
[PlyCount "47"]
[EventDate "2023.10.01"]
[EventType "team-swiss"]
[EventRounds "7"]
[EventCountry "GER"]
[SourceTitle "EXT 2024"]
[Source "ChessBase"]
[SourceDate "2023.10.10"]
[SourceVersion "1"]
[SourceVersionDate "2023.10.10"]
[SourceQuality "1"]

1. d4 Nf6 2. c4 g6 3. Nc3 Bg7 4. e4 0-0 5. h3 c5 6. d5 e6 7. e5 Ne8 8. Nf3 exd5 9. cxd5 d6 10. Bg5 f6 11. exf6 Nxf6 12. Be2 Qb6 13. 0-0 Bf5 14. Bd3 Bxd3 15. Qxd3 Nbd7 16. Rfe1 Rae8 17. Re6 Rxe6 18. dxe6 Ne5 19. Nxe5 dxe5 20. e7 Re8 21. Qc4+ Kh8 22. Qf7 Qc6 23. Bxf6 Bxf6 24. Qf8+ 1-0

[Event "GER-ch U14"]
[Site "Willingen"]
[Date "2023.05.28"]
[Round "1"]
[White "Aniol, Nico"]
[Black "Haubold, Sebastian Marcel"]
[Result "1/2-1/2"]
[WhiteElo "1592"]
[BlackElo "2092"]
[PlyCount "83"]
[EventDate "2023.05.27"]
[EventType "swiss"]
[EventRounds "9"]
[EventCountry "GER"]
[SourceTitle "CBM 214 Extra"]
[Source "ChessBase"]
[SourceDate "2023.07.31"]
[SourceVersion "1"]
[SourceVersionDate "2023.07.31"]
[SourceQuality "1"]

1. e4 e5 2. Nf3 Nc6 3. Bb5 a6 4. Ba4 Nf6 5. 0-0 Be7 6. Re1 b5 7. Bb3 0-0 8. a4 Bb7 9. d3 d6 10. Bd2 Qd7 11. Nc3 Nd4 12. Nxd4 exd4 13. Ne2 c5 14. Nf4 Rfc8 15. Nd5 Nxd5 16. Bxd5 Bxd5 17. exd5 Bf6 18. axb5 axb5 19. Qf3 Be5 20. Bf4 Qf5 21. Rxa8 Rxa8 22. Bxe5 Qxe5 23. Qe4 Qxe4 24. dxe4 Kf8 25. Kf1 Ra2 26. Rb1 c4 27. Ke1 Ke7 28. f4 f6 29. Kd2 Kd8 30. h4 Kc7 31. g4 Kb6 32. g5 Rxb2 33. Rxb2 c3+ 34. Kc1 cxb2+ 35. Kxb2 h6 36. Kb3 Kc5 37. gxf6 gxf6 38. h5 b4 39. Kb2 Kc4 40. Kc1 Kc5 41. Kd1 Kb5 42. Kc1 1/2-1/2

[Event "GER-chT Lands U20"]
[Site "Wiesbaden"]
[Date "2022.10.04"]
[Round "7.2"]
[White "Aniol, Nico"]
[Black "Huber, Benedikt"]
[Result "0-1"]
[WhiteElo "1541"]
[BlackElo "2299"]
[PlyCount "54"]
[EventDate "2022.09.30"]
[EventType "team-swiss"]
[EventRounds "7"]
[EventCountry "GER"]
[SourceTitle "CBM 210 Extra"]
[Source "ChessBase"]
[SourceDate "2022.11.30"]
[SourceVersion "1"]
[SourceVersionDate "2022.11.30"]
[SourceQuality "1"]
[WhiteTeam "Thueringen U20"]
[BlackTeam "Bayern U20"]
[WhiteTeamCountry "GER"]
[BlackTeamCountry "GER"]

1. e4 e5 2. Nc3 Nf6 3. Nf3 Nc6 4. Bc4 Nxe4 5. Nxe4 d5 6. Bd3 dxe4 7. Bxe4 Bd6 8. Bxc6+ bxc6 9. d3 0-0 10. h3 f5 11. Be3 Qf6 12. c3 Ba6 13. Qc2 f4 14. Bd2 Qg6 15. Nh4 Qg5 16. g3 Qf6 17. 0-0-0 f3 18. Qa4 Bxd3 19. Qg4 e4 20. Be3 Be5 21. Bg5 Qf7 22. Nxf3 Qxf3 23. Qe6+ Qf7 24. Qxe5 Qxa2 25. c4 Qb1+ 26. Kd2 Qc2+ 27. Ke3 Qxf2# 0-1

[Event "GER-chT Lands U20"]
[Site "Wiesbaden"]
[Date "2022.10.01"]
[Round "2.6"]
[White "Aniol, Nico"]
[Black "Kocharin, Timur"]
[Result "0-1"]
[WhiteElo "1541"]
[BlackElo "1971"]
[PlyCount "222"]
[EventDate "2022.09.30"]
[EventType "team-swiss"]
[EventRounds "7"]
[EventCountry "GER"]
[SourceTitle "CBM 210 Extra"]
[Source "ChessBase"]
[SourceDate "2022.11.30"]
[SourceVersion "1"]
[SourceVersionDate "2022.11.30"]
[SourceQuality "1"]
[WhiteTeam "Thueringen U20"]
[BlackTeam "Wuerttemberg U20"]
[WhiteTeamCountry "GER"]
[BlackTeamCountry "GER"]

1. e4 c6 2. d4 d5 3. exd5 cxd5 4. c4 Nf6 5. Nc3 g6 6. Nf3 Bg7 7. c5 0-0 8. Be3 Nc6 9. Bb5 Bf5 10. Bxc6 bxc6 11. 0-0 Nd7 12. Bf4 f6 13. Re1 Bg4 14. h3 Bxf3 15. Qxf3 e5 16. Be3 f5 17. dxe5 Nxe5 18. Qd1 Nc4 19. Na4 Nxb2 20. Nxb2 Bxb2 21. Rb1 Bc3 22. Re2 Qc7 23. Bd4 Bxd4 24. Qxd4 Rfe8 25. Rbe1 Re4 26. Rxe4 fxe4 27. Rb1 Rb8 28. Rxb8+ Qxb8 29. Qf6 Qc7 30. Qe6+ Kg7 31. g4 Kf8 32. Kg2 a5 33. a4 Kg7 34. Kg1 Qb7 35. Kg2 Qc7 36. Kg1 Kh6 37. Qd6 Qc8 38. Qf6 Qd7 39. Qe5 Qf7 40. Qd6 Kg5 41. Qe5+ Kh6 42. Qd6 Qf3 43. Qxc6 d4 44. Qd5 Qd1+ 45. Kg2 Qf3+ 46. Kg1 d3 47. c6 Qd1+ 48. Kg2 Qf3+ 49. Kg1 Qe2 50. c7 d2 51. Qxd2+ Qxd2 52. c8Q Qd1+ 53. Kg2 Qf3+ 54. Kg1 e3 55. fxe3 Qg3+ 56. Kf1 Qf3+ 57. Kg1 Qxe3+ 58. Kg2 Qe4+ 59. Kg3 Qe3+ 60. Kg2 Qd2+ 61. Kg3 Qd6+ 62. Kg2 Qd5+ 63. Kg3 Qb3+ 64. Kg2 Qxa4 65. Qf8+ Kg5 66. Qe7+ Kf4 67. Qf6+ Ke3 68. Qc3+ Ke4 69. Qf3+ Ke5 70. Qc3+ Kd5 71. Qd3+ Kc5 72. Qc3+ Kd5 73. Qd3+ Ke5 74. Qc3+ Kd6 75. Qf6+ Kc7 76. Qe7+ Qd7 77. Qe5+ Kb6 78. Qb2+ Ka7 79. Qf2+ Kb8 80. Qf4+ Qc7 81. Qf8+ Kb7 82. Qa3 Qe5 83. Qb3+ Kc6 84. Qc4+ Kd7 85. Qf7+ Kd6 86. Qf8+ Qe7 87. Qf4+ Kc6 88. Qc4+ Qc5 89. Qa6+ Kc7 90. Qd3 Qc6+ 91. Kg1 a4 92. Qa3 Kb6 93. Kf1 Kb5 94. Qb2+ Ka6 95. Qa3 Ka5 96. Ke1 Qe4+ 97. Kd1 Qb4 98. Qc1 Qd4+ 99. Ke2 Kb4 100. Qb1+ Ka3 101. Kf1 Qc3 102. Kg1 Qg3+ 103. Kh1 Qxh3+ 104. Kg1 Qxg4+ 105. Kh1 Qd4 106. Qe1 Ka2 107. Qf2+ Qb2 108. Qf7+ Ka1 109. Qxh7 a3 110. Qh4 a2 111. Qf2 Kb1 0-1

[Event "GER-ch U12"]
[Site "Willingen"]
[Date "2022.06.08"]
[Round "6"]
[White "Zhuikov, Edgard"]
[Black "Aniol, Nico"]
[Result "1/2-1/2"]
[WhiteElo "1892"]
[BlackElo "1494"]
[PlyCount "102"]
[EventDate "2022.06.04"]
[EventType "swiss"]
[EventRounds "9"]
[EventCountry "GER"]
[SourceTitle "CBM 208 Extra"]
[Source "ChessBase"]
[SourceDate "2022.07.31"]
[SourceVersion "1"]
[SourceVersionDate "2022.07.31"]
[SourceQuality "1"]

1. e4 c6 2. c4 d5 3. cxd5 cxd5 4. exd5 Nf6 5. Nc3 Nxd5 6. Bc4 Nb6 7. Bb3 Nc6 8. Nf3 g6 9. d4 Bg7 10. Be3 0-0 11. h3 Na5 12. Bc2 Nac4 13. Rb1 Bd7 14. 0-0 Bc6 15. Qe2 Rc8 16. Bd3 Bxf3 17. Qxf3 Bxd4 18. Bxd4 Qxd4 19. Bxc4 Nxc4 20. Qxb7 Qb6 21. Qxb6 axb6 22. Nd5 Rfe8 23. Rfe1 Kf8 24. b3 Na3 25. Rbc1 Rxc1 26. Rxc1 b5 27. Rd1 Rd8 28. Ne3 Rxd1+ 29. Nxd1 Nc2 30. a4 bxa4 31. bxa4 Ke8 32. Kf1 Nd4 33. Ke1 Kd7 34. Kd2 Kc6 35. Kd3 Ne6 36. Kc4 Nf4 37. Ne3 e6 38. h4 h6 39. g3 Nh3 40. Ng4 Kb6 41. Nxh6 Nxf2 42. Nxf7 Ne4 43. g4 Ka5 44. h5 gxh5 45. gxh5 Kxa4 46. h6 Nf6 47. Kd4 Kb5 48. Nd6+ Kc6 49. Ne4 e5+ 50. Kd3 Nh7 51. Nc3 Kd6 1/2-1/2

[Event "GER-ch U12"]
[Site "Willingen"]
[Date "2022.06.06"]
[Round "3"]
[White "Aniol, Nico"]
[Black "Gloeckler, Christian"]
[Result "1/2-1/2"]
[WhiteElo "1494"]
[BlackElo "1847"]
[PlyCount "101"]
[EventDate "2022.06.04"]
[EventType "swiss"]
[EventRounds "9"]
[EventCountry "GER"]
[SourceTitle "CBM 208 Extra"]
[Source "ChessBase"]
[SourceDate "2022.07.31"]
[SourceVersion "1"]
[SourceVersionDate "2022.07.31"]
[SourceQuality "1"]

1. e4 c5 2. Nc3 Nc6 3. Nge2 g6 4. g3 Bg7 5. Bg2 d6 6. d3 e6 7. 0-0 Nge7 8. Be3 Nd4 9. f4 0-0 10. Qd2 Rb8 11. Nd1 Nxe2+ 12. Qxe2 Qc7 13. Rb1 d5 14. c3 b6 15. b4 cxb4 16. cxb4 Bb7 17. Nf2 Rbc8 18. Rfc1 Qd7 19. Qd1 Rfd8 20. Rxc8 Rxc8 21. Rc1 h5 22. Rxc8+ Qxc8 23. Qc1 Qxc1+ 24. Bxc1 Bd4 25. Kf1 Ba6 26. a4 b5 27. axb5 Bxb5 28. Bd2 dxe4 29. Bxe4 f5 30. Bf3 Nc6 31. Be2 e5 32. fxe5 Nxe5 33. Kg2 Bc6+ 34. Kf1 Kf7 35. Nh3 Bb5 36. Kg2 Nxd3 37. Ng5+ Ke7 38. Nf3 Bb6 39. Ne5 Nxe5 40. Bxb5 Ng4 41. h3 Ne3+ 42. Bxe3 Bxe3 43. Bd3 Kf6 44. h4 Bd2 45. b5 Be1 46. Kf3 Ke5 47. Bc2 Kf6 48. Bd3 Bd2 49. Ke2 Ba5 50. Kf3 Bc7 51. Bc2 1/2-1/2

[Event "GER-chT Lands U20"]
[Site "Neumuenster"]
[Date "2021.10.05"]
[Round "6.5"]
[White "Wartenberg, Alissa"]
[Black "Aniol, Nico"]
[Result "1/2-1/2"]
[WhiteElo "1662"]
[BlackElo "1464"]
[PlyCount "97"]
[EventDate "2021.10.01"]
[EventType "team-swiss"]
[EventRounds "7"]
[EventCountry "GER"]
[SourceTitle "CBM 204 Extra"]
[Source "ChessBase"]
[SourceDate "2021.11.30"]
[SourceVersion "1"]
[SourceVersionDate "2021.11.30"]
[SourceQuality "1"]
[WhiteTeam "Hamburg"]
[BlackTeam "Thueringen"]
[WhiteTeamCountry "GER"]
[BlackTeamCountry "GER"]

1. e4 c5 2. Nf3 Nc6 3. d4 cxd4 4. Nxd4 Nf6 5. Nc3 e5 6. Ndb5 d6 7. Bg5 a6 8. Na3 b5 9. Nd5 Be7 10. Bxf6 Bxf6 11. c4 b4 12. Nc2 a5 13. g3 Bg5 14. Bg2 0-0 15. 0-0 Ne7 16. Nce3 Bb7 17. Qd3 Nxd5 18. Nxd5 Bxd5 19. Qxd5 Qb6 20. Rad1 Rfd8 21. Qd3 a4 22. Ra1 b3 23. axb3 Qxb3 24. Qxb3 axb3 25. Rfd1 Ra2 26. Rxa2 bxa2 27. Ra1 Ra8 28. f4 Bf6 29. h4 Ra7 30. f5 Bd8 31. c5 dxc5 32. Bf1 Ra4 33. Bb5 Rxe4 34. Rxa2 g6 35. Ra8 Rd4 36. fxg6 hxg6 37. b3 Rd2 38. Bc4 Kf8 39. Rc8 Ke7 40. Kf1 f6 41. Rxc5 Bb6 42. Rc6 Bf2 43. Re6+ Kd7 44. Rxf6 Bxg3 45. Rxg6 Bxh4 46. Rg4 Be7 47. Rg3 Bb4 48. Rd3+ Rxd3 49. Bxd3 1/2-1/2

[Event "GER-ch U12"]
[Site "Willingen"]
[Date "2021.08.23"]
[Round "1"]
[White "Aniol, Nico"]
[Black "Wieser, Rouven"]
[Result "1-0"]
[WhiteElo "1448"]
[BlackElo "1295"]
[PlyCount "109"]
[EventDate "2021.08.22"]
[EventType "swiss"]
[EventRounds "9"]
[EventCountry "GER"]
[SourceTitle "EXT 2022"]
[Source "ChessBase"]
[SourceDate "2021.10.06"]
[SourceVersion "1"]
[SourceVersionDate "2021.10.06"]
[SourceQuality "1"]

1. e4 c6 2. c4 d5 3. exd5 cxd5 4. cxd5 Nf6 5. Nc3 b6 6. Bb5+ Nbd7 7. Bc6 Rb8 8. d4 e6 9. Bf4 Rb7 10. Nb5 Nxd5 11. Bd6 a6 12. Bxf8 axb5 13. Bxb7 Bxb7 14. Bd6 N7f6 15. Be5 Nd7 16. Nf3 Nxe5 17. dxe5 0-0 18. 0-0 f6 19. Nd4 Nf4 20. f3 fxe5 21. Nc2 Qg5 22. Ne1 e4 23. Kh1 Rd8 24. Qc2 e3 25. g3 Rd2 26. gxf4 Qxf4 27. Ng2 Bxf3 28. Qc8+ Kf7 29. Qb7+ Bxb7 30. Rxf4+ Ke7 31. Rg4 g6 32. Kg1 e2 33. Re1 Bf3 34. Rg3 Bh5 35. Nf4 Rxb2 36. Nxh5 gxh5 37. a3 Kf6 38. Kf2 h4 39. Rf3+ Ke5 40. Rxe2+ Rxe2+ 41. Kxe2 Kd4 42. Kd2 e5 43. Rh3 Kc4 44. Kc2 e4 45. Rxh4 Kd4 46. Kd2 Kd5 47. Ke3 Kc4 48. Kxe4 Kb3 49. Rh3+ Ka4 50. Kd5 b4 51. axb4 Kxb4 52. Rxh7 b5 53. Rc7 Ka3 54. h4 b4 55. Rb7 1-0

[Event "GER-ch U10"]
[Site "Willingen"]
[Date "2020.10.30"]
[Round "6"]
[White "Aniol, Nico"]
[Black "Neuhoff, Laertes"]
[Result "0-1"]
[WhiteElo "1417"]
[BlackElo "1655"]
[PlyCount "60"]
[EventDate "2020.10.26"]
[EventType "swiss"]
[EventRounds "7"]
[EventCountry "GER"]
[SourceTitle "CBM 199 Extra"]
[Source "ChessBase"]
[SourceDate "2021.01.31"]
[SourceVersion "1"]
[SourceVersionDate "2021.01.31"]
[SourceQuality "1"]

1. c4 e5 2. g3 c6 3. e4 Nf6 4. Nc3 Bc5 5. Nf3 Ng4 6. d4 exd4 7. Nxd4 Qf6 8. Be3 Nxe3 9. fxe3 0-0 10. Bg2 d6 11. Rf1 Qh6 12. Qf3 Nd7 13. Nf5 Qf6 14. Rf2 Ne5 15. Qe2 Bxf5 16. Rxf5 Qh6 17. Kf2 Bxe3+ 18. Kf1 g6 19. Rf6 Bc5 20. h3 Qg5 21. Rf3 Nxf3 22. Qxf3 f5 23. Ke2 fxe4 24. Qg4 Qxg4+ 25. hxg4 Rf2+ 26. Kd1 Rxg2 27. Ne2 Rf8 28. Ke1 Rff2 29. b4 Rxe2+ 30. Kd1 Bxb4 0-1

[Event "GER-ch U10"]
[Site "Willingen"]
[Date "2020.10.27"]
[Round "1"]
[White "Aniol, Nico"]
[Black "Peglau, Paul David"]
[Result "1-0"]
[WhiteElo "1417"]
[BlackElo "1322"]
[PlyCount "49"]
[EventDate "2020.10.26"]
[EventType "swiss"]
[EventRounds "7"]
[EventCountry "GER"]
[SourceTitle "CBM 199 Extra"]
[Source "ChessBase"]
[SourceDate "2021.01.31"]
[SourceVersion "1"]
[SourceVersionDate "2021.01.31"]
[SourceQuality "1"]

1. c4 e6 2. e4 Nf6 3. Nc3 Bb4 4. e5 Bxc3 5. bxc3 Ne4 6. d3 Nc5 7. d4 Ne4 8. Bd3 d5 9. Qc2 f5 10. Ba3 Bd7 11. cxd5 exd5 12. Nf3 b6 13. c4 Be6 14. Rc1 c6 15. Nd2 Nd7 16. 0-0 Qg5 17. f4 Qd8 18. cxd5 cxd5 19. Bxe4 dxe4 20. Qc6 Bxa2 21. d5 Bxd5 22. Qxd5 Nf8 23. Bd6 Rc8 24. e6 Rxc1 25. Rxc1 1-0

[Event "GER-ch U10"]
[Site "Willingen"]
[Date "2019.06.12"]
[Round "6"]
[White "Aniol, Nico"]
[Black "Burkart, Lloyd Shang"]
[Result "1/2-1/2"]
[WhiteElo "1406"]
[BlackElo "1411"]
[PlyCount "42"]
[EventDate "2019.06.08"]
[EventType "swiss"]
[EventRounds "11"]
[EventCountry "GER"]
[SourceTitle "CBM 191 Extra"]
[Source "ChessBase"]
[SourceDate "2019.09.30"]
[SourceVersion "1"]
[SourceVersionDate "2019.09.30"]
[SourceQuality "1"]

1. e4 c5 2. c3 d5 3. exd5 Qxd5 4. d4 Nc6 5. Nf3 Nf6 6. dxc5 Qxc5 7. Be3 Qa5 8. Na3 Qc7 9. Nb5 Qb8 10. Bd3 e5 11. Qc2 Be7 12. 0-0 0-0 13. Rad1 a6 14. Na3 Bxa3 15. bxa3 Bg4 16. Be2 Be6 17. Bc5 Rd8 18. Rxd8+ Qxd8 19. Rd1 Qa5 20. Bb4 Qb6 21. Ng5 Bg4 1/2-1/2

[Event "GER-ch U10"]
[Site "Willingen"]
[Date "2019.06.12"]
[Round "7"]
[White "Scheerer, Julian"]
[Black "Aniol, Nico"]
[Result "0-1"]
[WhiteElo "1395"]
[BlackElo "1406"]
[PlyCount "72"]
[EventDate "2019.06.08"]
[EventType "swiss"]
[EventRounds "11"]
[EventCountry "GER"]
[SourceTitle "CBM 191 Extra"]
[Source "ChessBase"]
[SourceDate "2019.09.30"]
[SourceVersion "1"]
[SourceVersionDate "2019.09.30"]
[SourceQuality "1"]

1. e4 d5 2. exd5 Nf6 3. Bb5+ Bd7 4. Be2 Nxd5 5. Nf3 Nc6 6. d4 e6 7. 0-0 Be7 8. a3 a6 9. c4 Nf6 10. Nc3 0-0 11. h3 b6 12. Be3 Bc8 13. Qc2 Bb7 14. Rfd1 Re8 15. Ne5 Qd6 16. Bf3 h6 17. Rd2 Rab8 18. Nxc6 Bxc6 19. Bxc6 Qxc6 20. Rad1 Qxc4 21. d5 exd5 22. Nxd5 Qxc2 23. Rxc2 Nxd5 24. Rxd5 Bd6 25. Kf1 Kf8 26. Re2 Red8 27. Kg1 Bh2+ 28. Kxh2 Rxd5 29. Kg3 f5 30. h4 Kf7 31. f4 Rd3 32. Kf2 Re8 33. g3 b5 34. h5 a5 35. Re1 Rb3 36. Re2 c6 0-1

[Event "GER-ch U10"]
[Site "Willingen"]
[Date "2019.06.09"]
[Round "2"]
[White "Aniol, Nico"]
[Black "Muehlbauer, Adrian"]
[Result "1/2-1/2"]
[WhiteElo "1406"]
[BlackElo "1193"]
[PlyCount "136"]
[EventDate "2019.06.08"]
[EventType "swiss"]
[EventRounds "11"]
[EventCountry "GER"]
[SourceTitle "CBM 191 Extra"]
[Source "ChessBase"]
[SourceDate "2019.09.30"]
[SourceVersion "1"]
[SourceVersionDate "2019.09.30"]
[SourceQuality "1"]

1. e4 e5 2. Nf3 Nc6 3. Bc4 Nf6 4. Ng5 d5 5. exd5 Na5 6. d3 Bc5 7. 0-0 0-0 8. Nc3 Bg4 9. Qe1 Qe7 10. Bb3 Nxb3 11. axb3 Bb4 12. Bd2 Bc5 13. Nge4 Nxe4 14. Nxe4 Bb6 15. h3 Bh5 16. Ng3 Bg6 17. Qe2 Rfe8 18. Rfe1 Qh4 19. Be3 Bxe3 20. Qxe3 a6 21. Re2 Rad8 22. c4 c6 23. Ra4 Qf6 24. Ne4 Bxe4 25. dxe4 Qd6 26. c5 Qg6 27. d6 Qe6 28. Rd2 h6 29. Qd3 Rd7 30. Ra1 Qg6 31. Rf1 Qh5 32. f4 f6 33. Qc4+ Qf7 34. Qc3 Qg6 35. Re2 Qh5 36. Re3 Rf8 37. Ref3 Re8 38. R3f2 Qg6 39. Re2 Qh5 40. Re3 Qg6 41. b4 Qh5 42. Qe1 Qf7 43. Qh4 Qc4 44. Qg4 Red8 45. fxe5 fxe5 46. Ref3 Qxb4 47. Qe6+ Kh7 48. Qxe5 Kg8 49. Qe6+ Kh7 50. Rf7 Qxc5+ 51. Kh1 Qxd6 52. Qxd6 Rxd6 53. Rxb7 Re8 54. Re1 Rde6 55. Rb6 a5 56. Ra6 Rxe4 57. Rxe4 Rxe4 58. Rxc6 Rb4 59. Rc2 g5 60. Kg1 Kg6 61. Kf2 Kf5 62. Ke3 Ke5 63. Kd3 Kd5 64. Rf2 Rb3+ 65. Kc2 Rg3 66. Re2 Kd4 67. Kd2 Kc4 68. Kc2 Kd4 1/2-1/2